Countries by Flag Colours and Continent - Statistics

General Stats
  • This quiz has been taken 20 times
  • The average score is 7 of 20
Answer Stats
Continent Flag colours Country % Correct
North America Red + White Canada
100%
Europe Green + Orange + White Ireland
75%
Europe Black + Blue + White Estonia
69%
Europe Black + Red Albania
56%
Africa Red + White Tunisia
56%
South America Blue + Red + Yellow Colombia
50%
North America Black + Green + Yellow Jamaica
50%
South America Green + Red + Yellow Bolivia
38%
North America Blue + White Honduras
38%
South America Blue + Red + White Chile
31%
Asia Blue + Yellow Kazakhstan
25%
Europe Green + Red + Yellow Lithuania
25%
South America Black + Green + Red + White + Yellow Guyana
19%
Africa Blue + Red + White Liberia
19%
Africa Black + Red + Yellow Angola
13%
Asia Blue + Orange + Red Armenia
13%
Africa Black + Blue + White Botswana
13%
Asia Black + Red + White + Yellow East Timor
13%
Asia Blue + White Israel
13%
North America Black + Blue + Red + White + Yellow Antigua and Barbuda
6%
No matching quizzes found
Score Distribution
Percent of People with Each Score
Percentile by Number Answered
Your Score History
You have not taken this quiz